Central Library OPAC University of Rajshahi

রাগসংগীত / (Record no. 62820)

MARC details
000 -LEADER
fixed length control field 00814nam a2200253 a 4500
001 - CONTROL NUMBER
control field 62820
003 - CONTROL NUMBER IDENTIFIER
rucl marc code BD-RjUL
005 - DATE AND TIME OF LATEST TRANSACTION
control field 20211209081127.0
008 - FIXED-LENGTH DATA ELEMENTS--GENERAL INFORMATION
fixed length control field 170126s1985 bg ||||| |||| 00| 0 ben d
020 ## - INTERNATIONAL STANDARD BOOK NUMBER
Terms of availability : Tk. 15.00
035 ## - SYSTEM CONTROL NUMBER
System control number (BD-RjUL)62948
040 ## - CATALOGING SOURCE
Original cataloging agency BD-RjUL
Language of cataloging ben
Transcribing agency BD-RjUL
041 ## - LANGUAGE CODE
Language code of text/sound track or separate title ben
082 ## - DEWEY DECIMAL CLASSIFICATION NUMBER
Edition number 23
Classification number 780
Author mark and year KHR 1985
100 ## - MAIN ENTRY--PERSONAL NAME
Personal name খান, মোবারক হোসেন
9 (RLIN) 174998
245 10 - TITLE STATEMENT
Title রাগসংগীত /
Statement of responsibility, etc. মোবারক হোসেন খান
260 ## - PUBLICATION, DISTRIBUTION, ETC. (IMPRINT)
Place of publication, distribution, etc. ঢাকা :
Name of publisher, distributor, etc. বাংলা একাডেমী,
Date of publication, distribution, etc. ১৯৯১
300 ## - PHYSICAL DESCRIPTION
Pagination ৯৩ পৃ. ;
Size ১৯ সেমি.
490 ## - SERIES STATEMENT
Series statement বাএ ;
Volume/sequential designation ১৭৩৭
650 ## - SUBJECT ADDED ENTRY--TOPICAL TERM
Topical term or geographic name as entry element সংগীত
9 (RLIN) 170458
Topical term or geographic name as entry element Music
9 (RLIN) 171253
830 ## - SERIES ADDED ENTRY--UNIFORM TITLE
Uniform title বাএ ;
Volume number/sequential designation ১৭৩৭
942 ## - ADDED ENTRY ELEMENTS (KOHA)
Source of classification or shelving scheme Dewey Decimal Classification
Koha item type Books
Holdings
Lost status Source of classification or shelving scheme Damaged status Not for loan Collection code Permanent Location Current Location Shelving location Date acquired Source of acquisition Cost, normal purchase price Total Checkouts Full call number Date last seen Copy number Koha item type
  Dewey Decimal Classification   Not For Loan Non-fiction Central Library, University of Rajshahi Central Library, University of Rajshahi Reading Room 29/03/1987 Bangla Academy, Dhaka 15.00   B 780 KHR 1985 26/01/2017 C-1 Books